Explotación del caucho-shiringa : (Record no. 22626)

000 -CABECERA
fixed length control field 01138nam a22002657a 4500
003 - IDENTIFICADOR DEL NÚMERO DE CONTROL
control field AR-CdUCM
008 - DATOS DE LONGITUD FIJA--INFORMACIÓN GENERAL
fixed length control field 190427b ||||| |||| 00| 0 spa d
020 ## - NÚMERO INTERNACIONAL ESTÁNDAR DEL LIBRO
ISBN 9786124644702
040 ## - FUENTE DE LA CATALOGACIÓN
Agencia/entidad que catalogó originalmente la obra MUNICIPALIDAD PROVINCIAL DEL CUSCO
Entidad que transcribió la catalogación BIBLIOTECA MUNICIPAL DEL CUSCO
082 ## - NÚMERO DE LA CLASIFICACIÓN DECIMAL DEWEY
No. de Clasificación 338.1749/P26
Notacion interna P26
100 ## - ENTRADA PRINCIPAL--NOMBRE DE PERSONA
Nombre Personal Paredes Pando, Oscar
245 ## - MENCIÓN DE TÍTULO
Título Explotación del caucho-shiringa :
Resto del título Brasil - Bolivia - Perú : economías extractivo-mercantiles del Alto Acre - Madre de Dios /
Mención de responsabilidad Oscar Paredes Pando; [presentación, Raúl Pinedo Mora ; prólogo, Thomas Moore]
260 ## - PUBLICACIÓN, DISTRIBUCIÓN, ETC.
Lugar de publicación, distribución, etc. Cusco :
Nombre de la editorial, distribuidor, etc. JL Editores,
Fecha de publicación, distribución, etc. 2013.
300 ## - DESCRIPCIÓN FÍSICA
Nº de Páginas Extensión t.2. :
Otros detalles físicos il. (algunas col.), facsíms., mapas ;
Dimensiones 24 cm.
500 ## - NOTA GENERAL
Bibliografía Bibliografía: p. 329-344.
505 ## - NOTA DE CONTENIDO CON FORMATO
Nota de contenido formateada t.2 Amazonía Sur-Oriental : siglos XVI-XX
650 ## - PUNTO DE ACCESO ADICIONAL DE MATERIA--TÉRMINO DE MATERIA
Descriptor Industria del caucho
9 (RLIN) 48690
650 ## - PUNTO DE ACCESO ADICIONAL DE MATERIA--TÉRMINO DE MATERIA
Descriptor Explotación forestal
9 (RLIN) 48691
650 ## - PUNTO DE ACCESO ADICIONAL DE MATERIA--TÉRMINO DE MATERIA
Descriptor Cultivos tropicales
9 (RLIN) 48692
650 ## - PUNTO DE ACCESO ADICIONAL DE MATERIA--TÉRMINO DE MATERIA
Descriptor América del Sur
9 (RLIN) 742
700 ## - PUNTO DE ACCESO ADICIONAL--NOMBRE DE PERSONA
Nombre Personal Pinedo Mora, Raúl
9 (RLIN) 48693
700 ## - PUNTO DE ACCESO ADICIONAL--NOMBRE DE PERSONA
Nombre Personal Moore, Thomas
Término de relación prologuista
9 (RLIN) 48694
942 ## - ELEMENTOS DE PUNTO DE ACCESO ADICIONAL (KOHA)
Fuente de clasificación
Tipo de item Libros-BMC
945 ## - PROCESAMIENTO DE INFORMACIÓN LOCAL (OCLC)
Catalogador rac
Holdings
Estado de retiro (separado) Fuente de clasificación o esquema de estanterías Estado dañado Ubicación Sala donde se ubica Nombre de la colección Fecha de adquisición o compra Fuente de adquisición Costo, precio normal en soles Signatura topográfica Código de Barras Última vez visto (Koha) Tipo de ítem (Koha)
No     Sala Humanidades Sala Humanidades Book Cart 2022-12-01 Donación 20.00 338.1749/P26/t.2 SH0000016463 2022-12-01 Libros-BMC

Powered by Koha